[Event "GER Cup Net V3 U1600"]
[Site "Playchess.com INT"]
[Date "2020.05.27"]
[Round "8"]
[White "Dawidzinski, Jan"]
[Black "Wolff, Calvin"]
[Result "1/2-1/2"]
[WhiteElo "1411"]
[BlackElo "1902"]
[PlyCount "139"]
[EventDate "2020.05.27"]
[EventType "swiss (blitz)"]
[EventRounds "9"]
[EventCountry "GER"]
[SourceTitle "EXT 2021"]
[Source "ChessBase"]
[SourceDate "2020.10.23"]
[SourceVersion "1"]
[SourceVersionDate "2020.10.23"]
[SourceQuality "1"]

1. d4 d5 2. c4 e6 3. Nc3 Be7 4. Nf3 Nf6 5. Bg5 b6 6. e3 Bb7 7. Bd3 c5 8. 0-0 h6 9. Bf4 0-0 10. Rc1 Ne4 11. Bxe4 dxe4 12. Nd2 cxd4 13. Ncxe4 Bxe4 14. Nxe4 dxe3 15. Bxe3 Nc6 16. Re1 Qc7 17. g3 Rfd8 18. Qf3 Ne5 19. Qe2 Bb4 20. Red1 Rxd1+ 21. Rxd1 Rd8 22. Rxd8+ Qxd8 23. b3 Be1 24. Kg2 Bb4 25. Bf4 Nd3 26. Be3 Nc5 27. Qg4 Qa8 28. f3 Nxe4 29. fxe4 Qd8 30. Bxh6 Qf6 31. Bg5 Qg6 32. h4 f6 33. h5 Qxg5 34. Qxg5 fxg5 35. Kf3 Kf7 36. Kg4 Kf6 37. e5+ Kxe5 38. Kxg5 Bd2+ 39. Kg6 Bh6 40. g4 Kf4 41. b4 e5 42. c5 bxc5 43. bxc5 Bg5 44. c6 Bd8 45. Kxg7 e4 46. h6 e3 47. h7 Bc7 48. h8Q Be5+ 49. Kg8 Bxh8 50. c7 e2 51. c8Q e1Q 52. Qf8+ Kg3 53. Qa3+ Bc3 54. Qd6+ Qe5 55. Qxe5+ Bxe5 56. g5 Kf3 57. g6 Ke3 58. g7 Bxg7 59. Kxg7 Kd3 60. Kf6 Kc2 61. Ke5 a5 62. Ke4 a4 63. Ke3 Kb2 64. Kd2 a3 65. Kd1 Kb1 66. Kd2 Kb2 67. Kd1 Kxa2 68. Kc2 Ka1 69. Kc1 a2 70. Kc2 1/2-1/2